000 00280nam a22001337a 4500
003 SGT
082 _a612.012
_bB14K
100 _aKRISHNAMURTI,M.S
245 _aBASAVARAJEEYAM
260 _aVARANASI
_bCHAUKHAMBHA PUB
_c2014
300 _a761
650 _aAYURVEDA
942 _2ddc
_cBK
999 _c8616
_d8616